书目信息 |
| 题名: |
建筑施工组织设计研究
|
|
| 作者: | 王保安 , 樊超 , 张欢 著 | |
| 分册: | ||
| 出版信息: | 长春 吉林科学技术出版社 2022.08 |
|
| 页数: | 245页 | |
| 开本: | 26cm | |
| 丛书名: | ||
| 单 册: | ||
| 中图分类: | TU721.1 | |
| 科图分类: | ||
| 主题词: | 建筑工程--jian zhu gong cheng--施工组织--设计--研究 | |
| 电子资源: | ||
| ISBN: | 978-7-5578-9380-4 | |
| 000 | 01188nam0 2200265 450 | |
| 001 | CAL 012022036833 | |
| 005 | 20230217093112.0 | |
| 010 | @a978-7-5578-9380-4@dCNY48.00 | |
| 100 | @a20221020d2022 em y0chiy0120 ea | |
| 101 | 0 | @achi |
| 102 | @aCN@b220000 | |
| 105 | @aak a 000yy | |
| 106 | @ar | |
| 200 | 1 | @a建筑施工组织设计研究@Ajian zhu shi gong zu zhi she ji yan jiu@f王保安, 樊超, 张欢著 |
| 210 | @a长春@c吉林科学技术出版社@d2022.08 | |
| 215 | @a245页@c图@d26cm | |
| 320 | @a有书目 (第244-245页) | |
| 330 | @a本书内容分为十章, 主要包括建筑施工组织设计基础知识、流水施工基本原理、编制施工进度网络计划技术、单位工程施工组织设计、施工组织总设计、建筑施工组织设计实施与调整、建筑工程施工控制、施工现场管理。具体内容包括: 建设项目的建设程序与施工特点 ; 施工组织设计理论基础 ; 施工准备工作基础知识 ; 建设项目的调查研究与资料收集 ; 施工准备工作计划与开工报告 ; 流水施工的基本概念 ; 流水施工的组织方式等。 | |
| 606 | 0 | @a建筑工程@Ajian zhu gong cheng@x施工组织@x设计@x研究 |
| 690 | @aTU721.1@v5 | |
| 701 | 0 | @a王保安@Awang bao an@4著 |
| 701 | 0 | @a樊超@Afan chao@4著 |
| 701 | 0 | @a张欢@Azhang huan@4著 |
| 801 | 0 | @aCN@bBJXHZP@c20230228 |
| 905 | @b1386583-6@dTU721.1@e2148@f4 | |
| 建筑施工组织设计研究/王保安, 樊超, 张欢著.-长春:吉林科学技术出版社,2022.08 |
| 245页:图;26cm |
| ISBN 978-7-5578-9380-4:CNY48.00 |
| 本书内容分为十章, 主要包括建筑施工组织设计基础知识、流水施工基本原理、编制施工进度网络计划技术、单位工程施工组织设计、施工组织总设计、建筑施工组织设计实施与调整、建筑工程施工控制、施工现场管理。具体内容包括: 建设项目的建设程序与施工特点 ; 施工组织设计理论基础 ; 施工准备工作基础知识 ; 建设项目的调查研究与资料收集 ; 施工准备工作计划与开工报告 ; 流水施工的基本概念 ; 流水施工的组织方式等。 |
| ● |
| 相关链接 |
|
|
|
|
正题名:建筑施工组织设计研究
索取号:TU721.1/2148
 
预约/预借
| 序号 | 登录号 | 条形码 | 馆藏地/架位号 | 状态 | 备注 |
| 1 | 1386583 | 213865833 | 第二样本阅览室/ [索取号:TU721.1/2148] | 在馆 | |
| 2 | 1386584 | 213865842 | 第三借阅区/ [索取号:TU721.1/2148] | 在馆 | |
| 3 | 1386585 | 213865851 | 第三借阅区/ [索取号:TU721.1/2148] | 在馆 | |
| 4 | 1386586 | 213865860 | 第三借阅区/ [索取号:TU721.1/2148] | 在馆 |